00909cam a2200217 a 450000100100000000500170001000800410002702000150006804000290008305000210011208200150013310000330014824501790018126000940036030000270045449000340048165100500051565100330056565000590059883000340065700000764520250331111216.0970919s1996 sp a 000 0dspa  a847820301X aDO-SdBNPbspacLCdBNPHU00aDE100b.G37 1996 ann*bG216s1 aGarcía Mercadal, Fernando.10aSobre el Mediterráneo :bsus litorales, pueblos, culturas (imágenes y recuerdos) /cFernando García Mercadal ; prólogo Fernando García Mercadal y García Loygorri. aZaragoza :bInstitución Fernando el Católico, Excma. Diputación de Zaragoza,c1996. a94 p. :bil. ;c24 cm.1 aÉntasis :pFacsímiles,v2 0aMediterranean RegionxDescription And Travel. 0aRegión del Mediterráneo  0aVernacular architecturezMediterranean RegionxIn art. 0aÉntasis :pFacsímiles,v2